Sociedad 7 : (Registro nro. 46702)
[ vista simple ]
| 000 -CABECERA | |
|---|---|
| campo de control de longitud fija | 01633nam a2200313 a 4500 |
| 001 - NÚMERO DE CONTROL | |
| campo de control | 000047214 |
| 005 - FECHA Y HORA DE LA ÚLTIMA TRANSACCIÓN | |
| campo de control | 20201002053443.0 |
| 008 - DATOS DE LONGITUD FIJA--INFORMACIÓN GENERAL | |
| campo de control de longitud fija | 091118s2012 dr abc 000 0 spa d |
| 020 ## - NÚMERO INTERNACIONAL ESTÁNDAR DEL LIBRO | |
| Número Internacional Estándar del Libro | 9789945116441 (v. 2) |
| 020 ## - NÚMERO INTERNACIONAL ESTÁNDAR DEL LIBRO | |
| Número Internacional Estándar del Libro | 9789945117288 (v. 1) |
| 040 ## - FUENTE DE LA CATALOGACIÓN | |
| Centro catalogador/agencia de origen | DO-SdBNP |
| Lengua de catalogación | spa |
| Centro/agencia transcriptor | BNPHU |
| 082 ## - NÚMERO DE LA CLASIFICACIÓN DECIMAL DEWEY | |
| Número de clasificación | xxxx |
| Número de documento/Ítem | xxxx |
| 100 1# - ENTRADA PRINCIPAL--NOMBRE DE PERSONA | |
| Nombre de persona | Almonte Ysiano, Ana Iris |
| 9 (RLIN) | 31190 |
| 245 10 - MENCIÓN DE TÍTULO | |
| Título | Sociedad 7 : |
| Resto del título | educación básica / |
| Mención de responsabilidad, etc. | Ana Iris Almonte Ysiano ... [et al] ; dirección editorial Obdulia García de Escobar; ilustración José Amado Polanco. |
| 260 ## - PUBLICACIÓN, DISTRIBUCIÓN, ETC. | |
| Lugar de publicación, distribución, etc. | Santo Domingo : |
| Nombre del editor, distribuidor, etc. | Santillana, |
| Fecha de publicación, distribución, etc. | 2012. |
| 300 ## - DESCRIPCIÓN FÍSICA | |
| Extensión | v. : |
| Otras características físicas | il., maps., retrs. ; |
| Dimensiones | 28 cm. |
| 490 1# - MENCIÓN DE SERIE | |
| Mención de serie | Innova |
| 500 ## - NOTA GENERAL | |
| Nota general | Educación básica |
| 505 0# - NOTA DE CONTENIDO CON FORMATO | |
| Información miscelánea | v. 5 : |
| -- | unidad 1 -- |
| Título | Geografía de América -- |
| Información miscelánea | unidad 2 -- |
| Título | Asia y África -- |
| Información miscelánea | unidad 3 -- |
| Título | Europa y Oceanía -- |
| Información miscelánea | unidad 4 -- |
| Título | Civilizaciones antiguas -- |
| Información miscelánea | unidad 5 -- |
| Título | El descubrimiento -- |
| Información miscelánea | unidad 6 -- |
| Título | La llegada de Colón -- |
| Información miscelánea | unidad 7 -- |
| Título | Colonización en Ámerica -- |
| Información miscelánea | unidad 8 -- |
| Título | Economía y esclavitud -- |
| Información miscelánea | unidad 9 -- |
| Título | Las devastaciones -- |
| Información miscelánea | unidad 10 -- |
| Título | Las dos colonias / |
| Mención de responsabilidad | Henry Ramos Santos |
| -- | Francisca Alcántara -- |
| -- | Ana Iris Almonte Ysiano |
| Información miscelánea | v. 2 : |
| Título | Guía recusos didácticos para el profesorado. |
| 590 ## - NOTA LOCAL (RLIN) | |
| Nota local | Inventariado, 2019/VM |
| 700 1# - PUNTO DE ACCESO ADICIONAL--NOMBRE DE PERSONA | |
| Nombre de persona | Morel Bross, Beatrice |
| 9 (RLIN) | 31191 |
| 700 1# - PUNTO DE ACCESO ADICIONAL--NOMBRE DE PERSONA | |
| Nombre de persona | Castro Ricart, Eric -- |
| 9 (RLIN) | 23170 |
| 700 1# - PUNTO DE ACCESO ADICIONAL--NOMBRE DE PERSONA | |
| Nombre de persona | Ramos Santos, Henry |
| 9 (RLIN) | 31174 |
| 700 1# - PUNTO DE ACCESO ADICIONAL--NOMBRE DE PERSONA | |
| Nombre de persona | Capellán Almonte, Fanny |
| Término indicativo de función/relación | ed. |
| 9 (RLIN) | 29766 |
| 700 1# - PUNTO DE ACCESO ADICIONAL--NOMBRE DE PERSONA | |
| Nombre de persona | Almonte Ysiano, Ana Iris |
| 9 (RLIN) | 31190 |
| 700 1# - PUNTO DE ACCESO ADICIONAL--NOMBRE DE PERSONA | |
| Nombre de persona | Polanco, José Amado |
| Término indicativo de función/relación | il. |
| 9 (RLIN) | 23172 |
| 700 1# - PUNTO DE ACCESO ADICIONAL--NOMBRE DE PERSONA | |
| Nombre de persona | Garca Escobar, Obdulia, |
| Término indicativo de función/relación | dir. ed. |
| 9 (RLIN) | 29770 |
| 830 #0 - PUNTO DE ACCESO ADICIONAL DE SERIE-TÍTULO UNIFORME | |
| Título uniforme | Innova(República Dominicana) |
| 9 (RLIN) | 74948 |
| Estado de retiro | Estado de pérdida | No para préstamo | Código de colección | Localización permanente | Ubicación/localización actual | Ubicación en estantería | Fecha de adquisición | Número de inventario | Total de préstamos | Signatura topográfica completa | Código de barras | Fecha visto por última vez | Precio válido a partir de | Tipo de ítem Koha |
|---|---|---|---|---|---|---|---|---|---|---|---|---|---|---|
| Excluido de préstamo | Patrimonio Dominicano | Patrimonio Dominicano | Patrimonio Dominicano | Depósito | 24.04.2018 | LF1 | v. 1 | 47214-10 | 25.06.2020 | 25.06.2020 | Libro y Folleto Colección Patrimonio Dominicano | |||
| Excluido de préstamo | Patrimonio Dominicano | Patrimonio Dominicano | Patrimonio Dominicano | Depósito | 24.04.2018 | LF1 | v. 1, e. 2 | 47214-20 | 25.06.2020 | 25.06.2020 | Libro y Folleto Colección Patrimonio Dominicano | |||
| Excluido de préstamo | Patrimonio Dominicano | Patrimonio Dominicano | Patrimonio Dominicano | Depósito | 24.04.2018 | LF1 | v. 2 | 47214-30 | 25.06.2020 | 25.06.2020 | Libro y Folleto Colección Patrimonio Dominicano | |||
| Excluido de préstamo | Patrimonio Dominicano | Patrimonio Dominicano | Patrimonio Dominicano | Depósito | 14.01.2019 | LF1 | v. 2, e. 2 | 47214-40 | 25.06.2020 | 25.06.2020 | Libro y Folleto Colección Patrimonio Dominicano |
